[Event "Lippe Cup 04th"]
[Site "Lieme"]
[Date "2007.09.28"]
[Round "1"]
[White "Bentel, Robin"]
[Black "Karsunke, Marvin"]
[Result "0-1"]
[WhiteElo "1047"]
[BlackElo "1524"]
[PlyCount "90"]
[EventDate "2007.09.28"]
[EventType "swiss"]
[EventRounds "5"]
[EventCountry "GER"]
[SourceTitle "EXT 2012"]
[Source "ChessBase"]
[SourceDate "2011.11.24"]
[SourceVersion "1"]
[SourceVersionDate "2011.11.24"]
[SourceQuality "1"]

1. d4 d5 2. c4 e6 3. Nc3 Nf6 4. Bg5 Be7 5. e3 0-0 6. Nf3 h6 7. Bf4 c6 8. Bd3 Nbd7 9. 0-0 Nh5 10. Bg3 Nxg3 11. hxg3 Nf6 12. Qc2 Bd7 13. Ne5 Bd6 14. Nxd7 Qxd7 15. e4 Bc7 16. e5 Ne8 17. cxd5 exd5 18. Rfe1 Bb6 19. Ne2 Nc7 20. Bf5 Ne6 21. Rad1 Rac8 22. Nf4 Rce8 23. Qd3 Qd8 24. Nxe6 fxe6 25. Bh7+ Kh8 26. Bg6 Re7 27. Qa3 Rc7 28. Qc3 c5 29. dxc5 Bxc5 30. Qd3 Bxf2+ 31. Kh1 Bxe1 32. Rxe1 a6 33. Rd1 Rf2 34. Qb3 Qe7 35. Bd3 Rf8 36. Be2 Rfc8 37. Bd3 Rc1 38. Kh2 Rxd1 39. Qxd1 Qg5 40. Qe2 g6 41. Qf2 Kg7 42. a3 Qxe5 43. b4 Rc1 44. Qf3 Qh5+ 45. Qxh5 gxh5 0-1

[Event "GER-chT U12"]
[Site "Verden"]
[Date "2005.12.29"]
[Round "6.2"]
[White "Ameln, Till"]
[Black "Karsunke, Marvin"]
[Result "1/2-1/2"]
[WhiteElo "1397"]
[BlackElo "1433"]
[PlyCount "137"]
[EventDate "2005.12.27"]
[EventType "team-swiss"]
[EventRounds "7"]
[EventCountry "GER"]
[SourceTitle "CBM 110 Extra"]
[Source "ChessBase"]
[SourceDate "2006.03.10"]
[SourceVersion "2"]
[SourceVersionDate "2006.03.10"]
[SourceQuality "1"]

1. d4 d5 2. c4 e6 3. Nc3 Nf6 4. Nf3 Nc6 5. Bg5 Be7 6. e3 0-0 7. Be2 h6 8. Bh4 b6 9. 0-0 Bb7 10. a3 Na5 11. cxd5 exd5 12. Rc1 Re8 13. Bg3 Bd6 14. Bxd6 Qxd6 15. Nb5 Qe7 16. Nxc7 Nc6 17. Nxe8 Rxe8 18. Bb5 Rc8 19. Bxc6 Bxc6 20. Ne5 Bb7 21. Rxc8+ Bxc8 22. Qc2 Ba6 23. Rc1 Ne8 24. Qa4 Nc7 25. h3 f6 26. Nf3 Kf7 27. Qc6 Ne6 28. Qxd5 Bb7 29. Qb3 Qd6 30. Qc4 Ke7 31. Qb4 Qxb4 32. axb4 Kd6 33. Rd1 Kd5 34. Rc1 g5 35. Kf1 f5 36. Ne5 f4 37. Rc2 Ke4 38. Ke2 Kf5 39. f3 fxe3 40. Kxe3 h5 41. g4+ hxg4 42. hxg4+ Kf6 43. Rd2 Bd5 44. Rc2 Bb7 45. Rh2 Kg7 46. Kd3 b5 47. b3 a6 48. Ke3 Bd5 49. Ra2 Bb7 50. Nd7 Nc7 51. f4 Nd5+ 52. Kf2 Nxb4 53. Re2 Nd3+ 54. Ke3 Nxf4 55. Rc2 Nd5+ 56. Kf2 Nf6 57. Nxf6 Kxf6 58. Rd2 Bd5 59. b4 Be6 60. Kg3 Bd5 61. Kf2 Be6 62. Kg3 Bd5 63. Rc2 Bc4 64. Rf2+ Kg6 65. Rf5 Be6 66. Re5 Kf6 67. Kf3 Bd7 68. Ke4 Bc6+ 69. d5 1/2-1/2

[Event "GER-chT U12"]
[Site "Verden"]
[Date "2005.12.29"]
[Round "5.2"]
[White "Karsunke, Marvin"]
[Black "Muehlbayer, Kevin"]
[Result "1/2-1/2"]
[WhiteElo "1433"]
[BlackElo "1428"]
[PlyCount "39"]
[EventDate "2005.12.27"]
[EventType "team-swiss"]
[EventRounds "7"]
[EventCountry "GER"]
[SourceTitle "CBM 110 Extra"]
[Source "ChessBase"]
[SourceDate "2006.03.10"]
[SourceVersion "2"]
[SourceVersionDate "2006.03.10"]
[SourceQuality "1"]

1. e4 c6 2. d4 d5 3. exd5 cxd5 4. Nf3 Bg4 5. h3 Bh5 6. Be2 e6 7. Bf4 Nc6 8. c3 Nf6 9. Nbd2 Be7 10. 0-0 0-0 11. Re1 Bd6 12. Bxd6 Qxd6 13. Qc2 Bg6 14. Bd3 Rac8 15. Bxg6 hxg6 16. Ne5 Nd7 17. Ndf3 Ndxe5 18. Nxe5 Nxe5 19. Rxe5 Qb6 20. Qe2 1/2-1/2

[Event "Lippe Cup 01st"]
[Site "Lieme"]
[Date "2004.10.24"]
[Round "4"]
[White "Karsunke, Marvin"]
[Black "Fister, Horst Lothar"]
[Result "1/2-1/2"]
[WhiteElo "1221"]
[BlackElo "1274"]
[PlyCount "51"]
[EventDate "2004.10.22"]
[EventType "swiss"]
[EventRounds "5"]
[EventCountry "GER"]
[SourceTitle "EXT 2012"]
[Source "ChessBase"]
[SourceDate "2011.11.24"]
[SourceVersion "1"]
[SourceVersionDate "2011.11.24"]
[SourceQuality "1"]

1. e4 d5 2. exd5 Qxd5 3. Nc3 Qa5 4. Nf3 Bg4 5. h3 Bh5 6. Be2 Nf6 7. d3 c6 8. 0-0 e6 9. Bd2 Qc7 10. Ng5 Bg6 11. Bf3 Nbd7 12. Nce4 Be7 13. Re1 0-0 14. Ng3 Bd6 15. N5e4 Nxe4 16. Nxe4 Bxe4 17. Bxe4 Nf6 18. Qf3 Be5 19. c3 Rad8 20. Qe2 c5 21. Rad1 Nxe4 22. Qxe4 Bf6 23. Bf4 Qb6 24. Re2 Rfe8 25. Qe3 Rd5 26. Red2 1/2-1/2